000 00455nam a2200181Ia 4500
003 OSt
005 20230525101323.0
008 210423s2000 xx 000 0 und d
040 _cAL
041 _aeng
082 _a330 MUKC
_223
100 _aMUKHI (H R).
_9113495
245 _aCooperation in india and abroad.
260 _aNew Delhi
_bR B S A Publishers
_c2000
365 _b95
_cINR
906 _aabroad. ; Cooperation ; india
942 _2ddc
_cBK
999 _c173410
_d173410